000 00404nam a22001697a 4500
005 20160518142003.0
008 160518b xxu||||| |||| 00| 0 eng d
020 _a0-07-04-3577-4
041 _aeng
082 _b2946
100 _aMonippally M.M.
_9753
245 _aBusiness Communication Strategics
260 _aNew Delhi
_bTMH,
_c2004
300 _a258
650 _aManagement
_9241
942 _cBK
999 _c1026
_d1026